[Event "ODJM A 2025"]
[Site "Willingen GER"]
[Date "2025.06.11"]
[Round "5"]
[White "Matthes, Benjamin"]
[Black "Weeke, Tom"]
[Result "1/2-1/2"]
[Termination "normal"]
[Board "29"]
[WhiteElo "1981"]
[BlackElo "1843"]
[WhiteClock "00:00:34"]
[BlackClock "00:29:06"]
[PlyCount "123"]
[WhiteFideId "16227298"]
[BlackFideId "34607080"]
[EventCountry "GER"]
[EventRounds "9"]
[EventType "swiss"]
[EventDate "2025.06.07"]

1. e4 {[%clk 01:30:57]} {[%emt 00:00:03]} c5 {[%clk 01:30:39]} {[%emt
00:00:21]} 2. a3 {[%clk 01:28:27]} {[%emt 00:03:02]} g6 {[%clk 01:31:02]}
{[%emt 00:00:06]} 3. h4 {[%clk 01:28:53]} {[%emt 00:00:04]} Nf6 {[%clk
01:31:28]} {[%emt 00:00:04]} 4. e5 {[%clk 01:24:37]} {[%emt 00:04:45]} Nh5
{[%clk 01:31:50]} {[%emt 00:00:08]} 5. Nc3 {[%clk 01:11:45]} {[%emt 00:13:23]}
Nc6 {[%clk 01:27:17]} {[%emt 00:05:02]} 6. Nf3 {[%clk 01:08:04]} {[%emt
00:04:12]} d6 {[%clk 01:17:32]} {[%emt 00:10:14]} 7. Bb5 {[%clk 01:00:04]}
{[%emt 00:08:31]} dxe5 {[%clk 01:10:46]} {[%emt 00:07:16]} 8. Nxe5 {[%clk
00:49:59]} {[%emt 00:10:35]} Qd6 {[%clk 01:10:25]} {[%emt 00:00:50]} 9. Nxc6
{[%clk 00:45:39]} {[%emt 00:04:51]} bxc6 {[%clk 01:10:45]} {[%emt 00:00:10]}
10. Be2 {[%clk 00:46:05]} {[%emt 00:00:03]} Nf4 {[%clk 01:00:47]} {[%emt
00:10:27]} 11. O-O {[%clk 00:46:30]} {[%emt 00:00:07]} Bf5 {[%clk 00:54:22]}
{[%emt 00:06:53]} 12. Bf3 {[%clk 00:43:09]} {[%emt 00:03:52]} h5 {[%clk
00:52:20]} {[%emt 00:02:32]} 13. d3 {[%clk 00:40:30]} {[%emt 00:03:09]} Ne6
{[%clk 00:48:02]} {[%emt 00:04:48]} 14. Ne4 {[%clk 00:31:29]} {[%emt 00:09:32]}
Bxe4 {[%clk 00:48:04]} {[%emt 00:00:27]} 15. Bxe4 {[%clk 00:31:54]} {[%emt
00:00:05]} Bg7 {[%clk 00:42:33]} {[%emt 00:06:01]} 16. c3 {[%clk 00:31:53]}
{[%emt 00:00:31]} O-O {[%clk 00:41:07]} {[%emt 00:01:56]} 17. Qe2 {[%clk
00:24:39]} {[%emt 00:07:44]} Rac8 {[%clk 00:39:23]} {[%emt 00:02:14]} 18. g3
{[%clk 00:23:59]} {[%emt 00:01:10]} Nc7 {[%clk 00:37:14]} {[%emt 00:02:38]} 19.
Bg5 {[%clk 00:17:53]} {[%emt 00:06:37]} e5 {[%clk 00:35:43]} {[%emt 00:02:01]}
20. Bg2 {[%clk 00:08:18]} {[%emt 00:10:06]} Ne6 {[%clk 00:31:59]} {[%emt
00:04:14]} 21. Rad1 {[%clk 00:07:22]} {[%emt 00:01:26]} Nxg5 {[%clk 00:29:19]}
{[%emt 00:03:09]} 22. hxg5 {[%clk 00:06:44]} {[%emt 00:01:08]} Rfe8 {[%clk
00:27:27]} {[%emt 00:02:21]} 23. Rfe1 {[%clk 00:05:11]} {[%emt 00:02:04]} Kf8
{[%clk 00:19:59]} {[%emt 00:07:59]} 24. Qe4 {[%clk 00:04:37]} {[%emt 00:01:03]}
Re7 {[%clk 00:19:23]} {[%emt 00:01:07]} 25. Qa4 {[%clk 00:04:31]} {[%emt
00:00:36]} Qc7 {[%clk 00:18:03]} {[%emt 00:01:49]} 26. Re4 {[%clk 00:04:14]}
{[%emt 00:00:47]} a5 {[%clk 00:16:10]} {[%emt 00:02:23]} 27. Rc4 {[%clk
00:02:48]} {[%emt 00:01:56]} Qb6 {[%clk 00:16:07]} {[%emt 00:00:34]} 28. Qc2
{[%clk 00:01:28]} {[%emt 00:01:50]} Rb7 {[%clk 00:15:27]} {[%emt 00:01:09]} 29.
b4 {[%clk 00:01:57]} {[%emt 00:00:02]} axb4 {[%clk 00:15:16]} {[%emt 00:00:40]}
30. axb4 {[%clk 00:02:26]} {[%emt 00:00:02]} cxb4 {[%clk 00:15:17]} {[%emt
00:00:28]} 31. Rxb4 {[%clk 00:02:33]} {[%emt 00:00:23]} Qc7 {[%clk 00:15:02]}
{[%emt 00:00:46]} 32. Qb3 {[%clk 00:01:28]} {[%emt 00:01:35]} Rxb4 {[%clk
00:15:16]} {[%emt 00:00:16]} 33. Qxb4+ {[%clk 00:01:57]} {[%emt 00:00:01]} Qe7
{[%clk 00:15:06]} {[%emt 00:00:39]} 34. Rb1 {[%clk 00:01:04]} {[%emt 00:01:23]}
Rd8 {[%clk 00:11:48]} {[%emt 00:03:48]} 35. Qc4 {[%clk 00:00:35]} {[%emt
00:00:59]} Qxg5 {[%clk 00:11:19]} {[%emt 00:00:59]} 36. Rb7 {[%clk 00:00:40]}
{[%emt 00:00:26]} Qf6 {[%clk 00:10:56]} {[%emt 00:00:53]} 37. Rc7 {[%clk
00:00:34]} {[%emt 00:00:36]} Qe6 {[%clk 00:09:56]} {[%emt 00:01:29]} 38. Qxe6
{[%clk 00:00:37]} {[%emt 00:00:28]} fxe6 {[%clk 00:10:25]} {[%emt 00:00:01]}
39. Be4 {[%clk 00:00:58]} {[%emt 00:00:08]} g5 {[%clk 00:09:37]} {[%emt
00:01:17]} 40. Rxc6 {[%clk 00:00:43]} {[%emt 00:00:47]} Ke7 {[%clk 00:08:34]}
{[%emt 00:01:31]} 41. Ra6 {[%clk 00:23:30]} {[%emt 00:07:43]} Rd6 {[%clk
00:38:12]} {[%emt 00:00:52]} 42. Ra3 {[%clk 00:23:02]} {[%emt 00:01:00]} Rd7
{[%clk 00:37:47]} {[%emt 00:00:54]} 43. Ra6 {[%clk 00:22:46]} {[%emt 00:00:46]}
Rd6 {[%clk 00:38:06]} {[%emt 00:00:11]} 44. Ra3 {[%clk 00:22:14]} {[%emt
00:01:02]} Rd7 {[%clk 00:38:30]} {[%emt 00:00:05]} 45. Kg2 {[%clk 00:22:22]}
{[%emt 00:00:23]} Rc7 {[%clk 00:37:41]} {[%emt 00:01:19]} 46. c4 {[%clk
00:21:43]} {[%emt 00:01:09]} Bf6 {[%clk 00:37:28]} {[%emt 00:00:42]} 47. Ra8
{[%clk 00:20:12]} {[%emt 00:02:01]} Rd7 {[%clk 00:36:55]} {[%emt 00:01:03]} 48.
Bg6 {[%clk 00:09:40]} {[%emt 00:11:03]} h4 {[%clk 00:36:30]} {[%emt 00:00:55]}
49. Re8+ {[%clk 00:08:47]} {[%emt 00:01:24]} Kd6 {[%clk 00:36:57]} {[%emt
00:00:02]} 50. Rf8 {[%clk 00:08:56]} {[%emt 00:00:21]} Be7 {[%clk 00:36:31]}
{[%emt 00:00:56]} 51. Rf7 {[%clk 00:08:02]} {[%emt 00:01:24]} Bd8 {[%clk
00:36:15]} {[%emt 00:00:46]} 52. Rf3 {[%clk 00:04:04]} {[%emt 00:04:28]} Ra7
{[%clk 00:33:15]} {[%emt 00:03:30]} 53. Re3 {[%clk 00:01:39]} {[%emt 00:02:53]}
Ra2 {[%clk 00:31:07]} {[%emt 00:02:39]} 54. Re1 {[%clk 00:01:54]} {[%emt
00:00:15]} Bb6 {[%clk 00:31:01]} {[%emt 00:00:37]} 55. Rf1 {[%clk 00:01:39]}
{[%emt 00:00:45]} Rb2 {[%clk 00:29:41]} {[%emt 00:01:50]} 56. Be4 {[%clk
00:01:04]} {[%emt 00:01:05]} Ra2 {[%clk 00:29:28]} {[%emt 00:00:43]} 57. Kf3
{[%clk 00:00:44]} {[%emt 00:00:50]} Rb2 {[%clk 00:28:28]} {[%emt 00:01:30]} 58.
Kg2 {[%clk 00:00:37]} {[%emt 00:00:37]} Ra2 {[%clk 00:28:48]} {[%emt 00:00:09]}
59. gxh4 {[%clk 00:00:40]} {[%emt 00:00:28]} gxh4 {[%clk 00:29:11]} {[%emt
00:00:06]} 60. Kf3 {[%clk 00:01:00]} {[%emt 00:00:10]} Rb2 {[%clk 00:28:54]}
{[%emt 00:00:48]} 61. Kg2 {[%clk 00:00:52]} {[%emt 00:00:38]} Ra2 {[%clk
00:29:06]} {[%emt 00:00:18]} 62. Kf3 {[%clk 00:00:34]} {[%emt 00:00:48]}
1/2-1/2

[Event "ODJM A 2025"]
[Site "Willingen GER"]
[Date "2025.06.11"]
[Round "5"]
[White "Schilling, Rumo"]
[Black "Andresen, Eric"]
[Result "1/2-1/2"]
[Termination "normal"]
[Board "30"]
[WhiteElo "1852"]
[BlackElo "1889"]
[WhiteClock "00:02:02"]
[BlackClock "00:15:30"]
[PlyCount "105"]
[WhiteFideId "16283139"]
[BlackFideId "34641360"]
[EventCountry "GER"]
[EventRounds "9"]
[EventType "swiss"]
[EventDate "2025.06.07"]

1. e4 {[%clk 01:30:20]} {[%emt 00:00:40]} e5 {[%clk 01:30:49]} {[%emt
00:00:11]} 2. Nf3 {[%clk 01:30:47]} {[%emt 00:00:04]} Nc6 {[%clk 01:31:13]}
{[%emt 00:00:06]} 3. d4 {[%clk 01:31:14]} {[%emt 00:00:03]} exd4 {[%clk
01:31:09]} {[%emt 00:00:34]} 4. Nxd4 {[%clk 01:31:38]} {[%emt 00:00:06]} Nf6
{[%clk 01:31:28]} {[%emt 00:00:11]} 5. Nxc6 {[%clk 01:31:55]} {[%emt 00:00:13]}
bxc6 {[%clk 01:31:56]} {[%emt 00:00:01]} 6. e5 {[%clk 01:32:19]} {[%emt
00:00:07]} Qe7 {[%clk 01:31:30]} {[%emt 00:00:56]} 7. Qe2 {[%clk 01:32:43]}
{[%emt 00:00:05]} Nd5 {[%clk 01:31:55]} {[%emt 00:00:06]} 8. h4 {[%clk
01:33:09]} {[%emt 00:00:04]} d6 {[%clk 01:22:20]} {[%emt 00:10:04]} 9. Bg5
{[%clk 01:31:06]} {[%emt 00:02:33]} f6 {[%clk 01:21:29]} {[%emt 00:01:21]} 10.
exf6 {[%clk 01:29:12]} {[%emt 00:02:24]} Nxf6 {[%clk 01:21:10]} {[%emt
00:00:49]} 11. Bxf6 {[%clk 01:21:40]} {[%emt 00:08:03]} gxf6 {[%clk 01:18:33]}
{[%emt 00:03:07]} 12. Qxe7+ {[%clk 01:14:03]} {[%emt 00:08:06]} Bxe7 {[%clk
01:17:31]} {[%emt 00:01:32]} 13. Nd2 {[%clk 01:13:37]} {[%emt 00:00:57]} Be6
{[%clk 01:13:27]} {[%emt 00:04:33]} 14. O-O-O {[%clk 01:01:20]} {[%emt
00:12:47]} Rg8 {[%clk 01:10:25]} {[%emt 00:03:31]} 15. g3 {[%clk 00:39:44]}
{[%emt 00:22:08]} d5 {[%clk 00:59:25]} {[%emt 00:11:29]} 16. Re1 {[%clk
00:32:28]} {[%emt 00:07:46]} Kd7 {[%clk 00:57:36]} {[%emt 00:02:19]} 17. Bh3
{[%clk 00:32:37]} {[%emt 00:00:22]} Bxh3 {[%clk 00:57:37]} {[%emt 00:00:28]}
18. Rxh3 {[%clk 00:33:04]} {[%emt 00:00:03]} Bc5 {[%clk 00:56:58]} {[%emt
00:01:08]} 19. Re2 {[%clk 00:30:39]} {[%emt 00:02:56]} Rae8 {[%clk 00:51:37]}
{[%emt 00:05:51]} 20. Kd1 {[%clk 00:31:03]} {[%emt 00:00:07]} h5 {[%clk
00:50:48]} {[%emt 00:01:18]} 21. Nb3 {[%clk 00:27:28]} {[%emt 00:04:06]} Bd6
{[%clk 00:39:35]} {[%emt 00:11:42]} 22. Rh1 {[%clk 00:24:16]} {[%emt 00:03:42]}
c5 {[%clk 00:37:48]} {[%emt 00:02:18]} 23. Rxe8 {[%clk 00:19:56]} {[%emt
00:04:50]} Rxe8 {[%clk 00:36:21]} {[%emt 00:01:56]} 24. Re1 {[%clk 00:19:54]}
{[%emt 00:00:32]} Rg8 {[%clk 00:22:31]} {[%emt 00:14:20]} 25. Nc1 {[%clk
00:14:13]} {[%emt 00:06:11]} f5 {[%clk 00:15:53]} {[%emt 00:07:07]} 26. Ne2
{[%clk 00:14:24]} {[%emt 00:00:20]} f4 {[%clk 00:06:27]} {[%emt 00:09:56]} 27.
Nxf4 {[%clk 00:14:44]} {[%emt 00:00:10]} Bxf4 {[%clk 00:06:17]} {[%emt
00:00:40]} 28. gxf4 {[%clk 00:15:10]} {[%emt 00:00:04]} Rf8 {[%clk 00:05:17]}
{[%emt 00:01:31]} 29. Re5 {[%clk 00:15:10]} {[%emt 00:00:30]} Kd6 {[%clk
00:05:28]} {[%emt 00:00:18]} 30. Rxh5 {[%clk 00:15:28]} {[%emt 00:00:12]} Rxf4
{[%clk 00:05:57]} {[%emt 00:00:01]} 31. Ke2 {[%clk 00:14:05]} {[%emt 00:01:53]}
Re4+ {[%clk 00:04:11]} {[%emt 00:02:16]} 32. Kf3 {[%clk 00:08:56]} {[%emt
00:05:39]} Rc4 {[%clk 00:03:47]} {[%emt 00:00:54]} 33. c3 {[%clk 00:06:30]}
{[%emt 00:02:56]} d4 {[%clk 00:04:12]} {[%emt 00:00:05]} 34. cxd4 {[%clk
00:06:22]} {[%emt 00:00:38]} cxd4 {[%clk 00:04:40]} {[%emt 00:00:02]} 35. Ke4
{[%clk 00:04:29]} {[%emt 00:02:23]} c5 {[%clk 00:04:57]} {[%emt 00:00:13]} 36.
Rh6+ {[%clk 00:03:24]} {[%emt 00:01:35]} Kc7 {[%clk 00:04:34]} {[%emt
00:00:53]} 37. f4 {[%clk 00:02:02]} {[%emt 00:01:52]} d3+ {[%clk 00:04:26]}
{[%emt 00:00:38]} 38. Kxd3 {[%clk 00:02:30]} {[%emt 00:00:03]} Rxf4 {[%clk
00:04:51]} {[%emt 00:00:05]} 39. Rh8 {[%clk 00:02:01]} {[%emt 00:00:59]} Rf2
{[%clk 00:03:20]} {[%emt 00:02:00]} 40. Kc3 {[%clk 00:02:01]} {[%emt 00:00:30]}
Rh2 {[%clk 00:02:59]} {[%emt 00:00:51]} 41. a4 {[%clk 00:17:36]} {[%emt
00:14:55]} Kb6 {[%clk 00:29:48]} {[%emt 00:03:41]} 42. b3 {[%clk 00:16:54]}
{[%emt 00:01:12]} Rh1 {[%clk 00:27:13]} {[%emt 00:03:04]} 43. Kc4 {[%clk
00:13:55]} {[%emt 00:03:30]} Rc1+ {[%clk 00:24:21]} {[%emt 00:03:22]} 44. Kd5
{[%clk 00:10:59]} {[%emt 00:03:26]} Kb7 {[%clk 00:17:03]} {[%emt 00:07:48]} 45.
h5 {[%clk 00:10:23]} {[%emt 00:01:06]} Rb1 {[%clk 00:16:55]} {[%emt 00:00:38]}
46. h6 {[%clk 00:05:11]} {[%emt 00:05:42]} Rxb3 {[%clk 00:17:01]} {[%emt
00:00:23]} 47. Kxc5 {[%clk 00:03:42]} {[%emt 00:02:00]} Rh3 {[%clk 00:16:18]}
{[%emt 00:01:12]} 48. h7 {[%clk 00:02:19]} {[%emt 00:01:54]} Rh1 {[%clk
00:15:06]} {[%emt 00:01:41]} 49. Kd6 {[%clk 00:02:02]} {[%emt 00:00:47]} Rh2
{[%clk 00:14:58]} {[%emt 00:00:38]} 50. Ke6 {[%clk 00:02:07]} {[%emt 00:00:26]}
Rh1 {[%clk 00:14:52]} {[%emt 00:00:36]} 51. Kf6 {[%clk 00:02:15]} {[%emt
00:00:22]} Rh2 {[%clk 00:15:07]} {[%emt 00:00:14]} 52. Kg7 {[%clk 00:02:02]}
{[%emt 00:00:43]} Rg2 {[%clk 00:15:30]} {[%emt 00:00:07]} 53. Kf6 {[%emt
00:00:18]} 1/2-1/2

[Event "ODJM A 2025"]
[Site "Willingen GER"]
[Date "2025.06.11"]
[Round "5"]
[White "Nguyen, Ha Thanh"]
[Black "Andresen, Marc"]
[Result "1-0"]
[Termination "normal"]
[Board "31"]
[WhiteElo "1950"]
[BlackElo "1857"]
[WhiteClock "00:04:27"]
[BlackClock "00:04:26"]
[PlyCount "51"]
[WhiteFideId "12942154"]
[BlackFideId "16233719"]
[EventCountry "GER"]
[EventRounds "9"]
[EventType "swiss"]
[EventDate "2025.06.07"]

1. e4 {[%clk 01:30:58]} {[%emt 00:00:02]} c6 {[%clk 01:30:45]} {[%emt
00:00:15]} 2. d4 {[%clk 01:31:20]} {[%emt 00:00:07]} d5 {[%clk 01:31:11]}
{[%emt 00:00:04]} 3. e5 {[%clk 01:31:34]} {[%emt 00:00:17]} c5 {[%clk
01:31:37]} {[%emt 00:00:05]} 4. dxc5 {[%clk 01:30:34]} {[%emt 00:01:30]} e6
{[%clk 01:32:02]} {[%emt 00:00:04]} 5. a3 {[%clk 01:30:47]} {[%emt 00:00:17]}
Bxc5 {[%clk 01:32:26]} {[%emt 00:00:05]} 6. b4 {[%clk 01:31:13]} {[%emt
00:00:05]} Be7 {[%clk 01:32:53]} {[%emt 00:00:03]} 7. Nf3 {[%clk 01:30:49]}
{[%emt 00:00:54]} f6 {[%clk 01:25:54]} {[%emt 00:07:29]} 8. Bb2 {[%clk
01:25:15]} {[%emt 00:06:04]} a5 {[%clk 01:26:10]} {[%emt 00:00:14]} 9. b5
{[%clk 01:25:26]} {[%emt 00:00:19]} Nd7 {[%clk 01:26:35]} {[%emt 00:00:05]} 10.
c4 {[%clk 01:05:18]} {[%emt 00:20:38]} Nb6 {[%clk 00:50:24]} {[%emt 00:36:41]}
11. cxd5 {[%clk 01:01:52]} {[%emt 00:03:55]} exd5 {[%clk 00:45:39]} {[%emt
00:05:16]} 12. Nbd2 {[%clk 00:52:43]} {[%emt 00:09:39]} Nh6 {[%clk 00:42:04]}
{[%emt 00:04:01]} 13. Bd3 {[%clk 00:46:43]} {[%emt 00:06:34]} Bf5 {[%clk
00:30:34]} {[%emt 00:12:00]} 14. Qe2 {[%clk 00:41:35]} {[%emt 00:05:37]} O-O
{[%clk 00:29:58]} {[%emt 00:01:06]} 15. O-O {[%clk 00:35:21]} {[%emt 00:06:44]}
fxe5 {[%clk 00:24:36]} {[%emt 00:05:52]} 16. Nxe5 {[%clk 00:28:25]} {[%emt
00:07:26]} Bf6 {[%clk 00:23:25]} {[%emt 00:01:41]} 17. Bxf5 {[%clk 00:23:37]}
{[%emt 00:05:18]} Nxf5 {[%clk 00:23:31]} {[%emt 00:00:24]} 18. Qd3 {[%clk
00:23:18]} {[%emt 00:00:49]} Nd6 {[%clk 00:20:48]} {[%emt 00:03:14]} 19. Bd4
{[%clk 00:16:03]} {[%emt 00:07:45]} Ndc4 {[%clk 00:20:32]} {[%emt 00:00:46]}
20. f4 {[%clk 00:06:27]} {[%emt 00:10:06]} Qe8 {[%clk 00:14:46]} {[%emt
00:06:16]} 21. Bc5 {[%clk 00:03:41]} {[%emt 00:03:16]} Bxe5 {[%clk 00:11:26]}
{[%emt 00:03:50]} 22. fxe5 {[%clk 00:03:57]} {[%emt 00:00:14]} Rxf1+ {[%clk
00:11:31]} {[%emt 00:00:25]} 23. Rxf1 {[%clk 00:04:19]} {[%emt 00:00:08]} Qxe5
{[%clk 00:09:15]} {[%emt 00:02:46]} 24. Qf3 {[%clk 00:03:50]} {[%emt 00:00:59]}
Qe8 {[%clk 00:04:43]} {[%emt 00:05:02]} 25. Nxc4 {[%clk 00:04:06]} {[%emt
00:00:14]} dxc4 {[%clk 00:04:26]} {[%emt 00:00:47]} 26. Bxb6 {[%clk 00:04:27]}
{[%emt 00:00:09]} 1-0

[Event "ODJM A 2025"]
[Site "Willingen GER"]
[Date "2025.06.11"]
[Round "5"]
[White "Schulz, Tim"]
[Black "Schulz, Dennis"]
[Result "0-1"]
[Termination "normal"]
[Board "32"]
[WhiteElo "1976"]
[BlackElo "1894"]
[WhiteClock "00:30:37"]
[BlackClock "00:05:11"]
[PlyCount "104"]
[WhiteFideId "34629165"]
[BlackFideId "16241231"]
[EventCountry "GER"]
[EventRounds "9"]
[EventType "swiss"]
[EventDate "2025.06.07"]

1. Nf3 {[%clk 01:30:56]} {[%emt 00:00:03]} d5 {[%clk 01:30:58]} {[%emt
00:00:03]} 2. g3 {[%clk 01:31:20]} {[%emt 00:00:06]} c5 {[%clk 01:31:24]}
{[%emt 00:00:03]} 3. Bg2 {[%clk 01:31:45]} {[%emt 00:00:05]} Nf6 {[%clk
01:31:51]} {[%emt 00:00:04]} 4. O-O {[%clk 01:32:05]} {[%emt 00:00:10]} Nc6
{[%clk 01:31:22]} {[%emt 00:00:59]} 5. d4 {[%clk 01:32:26]} {[%emt 00:00:09]}
e6 {[%clk 01:21:19]} {[%emt 00:10:33]} 6. c4 {[%clk 01:31:37]} {[%emt
00:01:18]} dxc4 {[%clk 01:18:45]} {[%emt 00:03:05]} 7. Ne5 {[%clk 01:31:19]}
{[%emt 00:00:47]} Bd7 {[%clk 01:16:12]} {[%emt 00:03:04]} 8. Nxc4 {[%clk
01:30:51]} {[%emt 00:00:57]} cxd4 {[%clk 01:15:43]} {[%emt 00:01:00]} 9. Bf4
{[%clk 01:30:58]} {[%emt 00:00:23]} Be7 {[%clk 01:12:23]} {[%emt 00:03:50]} 10.
Nd6+ {[%clk 01:29:38]} {[%emt 00:01:50]} Bxd6 {[%clk 01:12:48]} {[%emt
00:00:06]} 11. Bxd6 {[%clk 01:29:42]} {[%emt 00:00:25]} Qb6 {[%clk 01:11:20]}
{[%emt 00:01:57]} 12. Nd2 {[%clk 01:25:58]} {[%emt 00:04:15]} Na5 {[%clk
01:10:43]} {[%emt 00:01:07]} 13. Ba3 {[%clk 01:24:40]} {[%emt 00:01:48]} Bc6
{[%clk 01:10:40]} {[%emt 00:00:33]} 14. b4 {[%clk 01:16:21]} {[%emt 00:08:49]}
Bxg2 {[%clk 01:08:02]} {[%emt 00:03:09]} 15. Kxg2 {[%clk 01:03:04]} {[%emt
00:13:46]} Nc6 {[%clk 01:07:07]} {[%emt 00:01:25]} 16. Nc4 {[%clk 01:03:08]}
{[%emt 00:00:26]} Qd8 {[%clk 01:06:15]} {[%emt 00:01:21]} 17. Qd3 {[%clk
00:55:42]} {[%emt 00:07:57]} b5 {[%clk 00:47:46]} {[%emt 00:18:59]} 18. Na5
{[%clk 00:53:10]} {[%emt 00:03:02]} Qd5+ {[%clk 00:44:48]} {[%emt 00:03:28]}
19. Kg1 {[%clk 00:51:02]} {[%emt 00:02:37]} Ne5 {[%clk 00:41:50]} {[%emt
00:03:28]} 20. Qb3 {[%clk 00:40:50]} {[%emt 00:10:43]} Rc8 {[%clk 00:32:31]}
{[%emt 00:09:49]} 21. Bb2 {[%clk 00:36:57]} {[%emt 00:04:23]} Nc4 {[%clk
00:31:23]} {[%emt 00:01:39]} 22. Nxc4 {[%clk 00:34:21]} {[%emt 00:03:05]} Rxc4
{[%clk 00:31:12]} {[%emt 00:00:41]} 23. Rfd1 {[%clk 00:31:07]} {[%emt
00:03:43]} O-O {[%clk 00:30:39]} {[%emt 00:01:03]} 24. Rd3 {[%clk 00:27:11]}
{[%emt 00:04:26]} Rfc8 {[%clk 00:29:13]} {[%emt 00:01:57]} 25. Rad1 {[%clk
00:20:23]} {[%emt 00:07:18]} e5 {[%clk 00:27:18]} {[%emt 00:02:25]} 26. e3
{[%clk 00:18:06]} {[%emt 00:02:46]} Rc2 {[%clk 00:21:46]} {[%emt 00:06:03]} 27.
Qxd5 {[%clk 00:06:05]} {[%emt 00:12:30]} Nxd5 {[%clk 00:22:02]} {[%emt
00:00:15]} 28. Bxd4 {[%clk 00:05:58]} {[%emt 00:00:37]} Nxb4 {[%clk 00:21:05]}
{[%emt 00:01:27]} 29. Rb3 {[%clk 00:06:10]} {[%emt 00:00:17]} exd4 {[%clk
00:21:16]} {[%emt 00:00:19]} 30. Rxb4 {[%clk 00:06:31]} {[%emt 00:00:09]} dxe3
{[%clk 00:21:37]} {[%emt 00:00:11]} 31. fxe3 {[%clk 00:06:52]} {[%emt
00:00:07]} Rxa2 {[%clk 00:21:31]} {[%emt 00:00:36]} 32. Rxb5 {[%clk 00:06:51]}
{[%emt 00:00:32]} h6 {[%clk 00:21:07]} {[%emt 00:00:54]} 33. Rb7 {[%clk
00:06:39]} {[%emt 00:00:41]} Rcc2 {[%clk 00:21:05]} {[%emt 00:00:32]} 34. Rd8+
{[%clk 00:06:18]} {[%emt 00:00:51]} Kh7 {[%clk 00:21:00]} {[%emt 00:00:34]} 35.
Rxf7 {[%clk 00:05:28]} {[%emt 00:01:20]} Rg2+ {[%clk 00:21:15]} {[%emt
00:00:15]} 36. Kf1 {[%clk 00:04:54]} {[%emt 00:01:05]} Rxh2 {[%clk 00:21:40]}
{[%emt 00:00:05]} 37. Kg1 {[%clk 00:05:21]} {[%emt 00:00:03]} Rhg2+ {[%clk
00:21:56]} {[%emt 00:00:14]} 38. Kf1 {[%clk 00:05:12]} {[%emt 00:00:39]} Rxg3
{[%clk 00:22:03]} {[%emt 00:00:23]} 39. Rdd7 {[%clk 00:04:04]} {[%emt
00:01:37]} a5 {[%clk 00:22:21]} {[%emt 00:00:12]} 40. Ra7 {[%clk 00:04:13]}
{[%emt 00:00:22]} a4 {[%clk 00:22:29]} {[%emt 00:00:22]} 41. e4 {[%clk
00:03:54]} {[%emt 00:00:48]} h5 {[%clk 00:04:48]} {[%emt 00:48:12]} 42. Rf5
{[%clk 00:30:51]} {[%emt 00:03:32]} Rb3 {[%clk 00:04:54]} {[%emt 00:00:25]} 43.
Kg1 {[%clk 00:30:34]} {[%emt 00:00:46]} Rb1+ {[%clk 00:05:20]} {[%emt
00:00:04]} 44. Rf1 {[%clk 00:30:59]} {[%emt 00:00:05]} Rxf1+ {[%clk 00:05:38]}
{[%emt 00:00:13]} 45. Kxf1 {[%clk 00:31:22]} {[%emt 00:00:06]} Kg6 {[%clk
00:05:14]} {[%emt 00:00:54]} 46. e5 {[%clk 00:31:40]} {[%emt 00:00:13]} h4
{[%clk 00:05:12]} {[%emt 00:00:32]} 47. Kg1 {[%clk 00:30:45]} {[%emt 00:01:25]}
h3 {[%clk 00:04:47]} {[%emt 00:00:54]} 48. e6 {[%clk 00:30:34]} {[%emt
00:00:41]} a3 {[%clk 00:04:20]} {[%emt 00:00:58]} 49. e7 {[%clk 00:30:32]}
{[%emt 00:00:31]} Kf7 {[%clk 00:04:44]} {[%emt 00:00:06]} 50. Kh1 {[%clk
00:30:20]} {[%emt 00:00:42]} g5 {[%clk 00:04:49]} {[%emt 00:00:26]} 51. e8=Q+
{[%clk 00:30:21]} {[%emt 00:00:28]} Kxe8 {[%clk 00:05:11]} {[%emt 00:00:09]}
52. Rg7 {[%clk 00:30:37]} {[%emt 00:00:14]} Rg2 {[%emt 00:01:59]} 0-1